[Event "Tom Weston Open Major"]
[Site "Cardiff"]
[Date "2016.03.28"]
[Round "6.2"]
[White "Camp, Imogen A L"]
[Black "Ivekovic, Tihana"]
[Result "1/2-1/2"]
[WhiteElo "1691"]
[BlackElo "2115"]
[PlyCount "87"]
[EventDate "2016.03.25"]
[EventRounds "7"]
[EventCountry "WLS"]

1. d4 d5 2. c4 c6 3. Nf3 Nf6 4. Nc3 e6 5. cxd5 exd5 6. Bg5 Nbd7 7. e3 Be7 8.
Qc2 O-O 9. Bd3 h6 10. Bh4 Re8 11. Bg3 a6 12. O-O Nf8 13. Rab1 Bd6 14. b4 Bxg3
15. hxg3 Qe7 16. a4 Ne6 17. Rfc1 Ng4 18. Nd1 Bd7 19. Bf5 Nc7 20. Bxd7 Qxd7 21.
Nb2 Qe7 22. Nd3 Rab8 23. Nfe5 Nxe5 24. Nxe5 f6 25. Nd3 Qe4 26. Nc5 Qxc2 27.
Rxc2 Re7 28. Rbc1 Ne8 29. Nb3 Nd6 30. Nd2 Kf7 31. Rc5 Ree8 32. Kf1 h5 33. Ke2
g5 34. Rh1 Kg6 35. Rcc1 Rbc8 36. Nb3 Nc4 37. Nd2 Nd6 38. Nb3 Ra8 39. Na5 Rab8
40. Nb3 Re7 41. Nd2 Ra8 42. Rc5 Ree8 43. Nb3 Rac8 44. Rcc1 1/2-1/2

[Event "Tom Weston Open Major"]
[Site "Cardiff"]
[Date "2016.03.28"]
[Round "6.4"]
[White "Summers, Charles"]
[Black "Jukes, Sam"]
[Result "1/2-1/2"]
[WhiteElo "1922"]
[BlackElo "1659"]
[PlyCount "45"]
[EventDate "2016.03.25"]
[EventRounds "7"]
[EventCountry "WLS"]

1. c4 c5 2. Nc3 Nf6 3. g3 g6 4. Bg2 Bg7 5. d3 O-O 6. e4 d6 7. Nge2 Nc6 8. h3 a6
9. O-O Rb8 10. f4 Bd7 11. Be3 b5 12. Qd2 b4 13. Nd1 e5 14. f5 Ne8 15. Bh6 Bxh6
16. Qxh6 Qf6 17. Ne3 Qg7 18. Qh4 Nf6 19. Nd5 Nxd5 20. exd5 g5 21. Qh5 Ne7 22.
Be4 f6 23. Qf3 1/2-1/2

[Event "Tom Weston Open Major"]
[Site "Cardiff"]
[Date "2016.03.28"]
[Round "6.4"]
[White "Pearson, Raymond"]
[Black "Gibbs, Dominic V"]
[Result "0-1"]
[WhiteElo "1952"]
[BlackElo "1914"]
[PlyCount "60"]
[EventDate "2016.03.25"]
[EventRounds "7"]
[EventCountry "WLS"]

1. c4 f5 2. g3 Nf6 3. Bg2 g6 4. Nf3 Bg7 5. d4 d6 6. O-O O-O 7. Nc3 c6 8. d5 e5
9. dxe6 Bxe6 10. Bf4 Bxc4 11. Bxd6 Re8 12. Ne5 Be6 13. Qd3 Nbd7 14. Nxc6 bxc6
15. Bxc6 Rc8 16. Bb7 Nc5 17. Bxc5 Qxd3 18. exd3 Rxc5 19. Rfe1 Kf7 20. Rad1 Rb8
21. d4 Rxc3 22. bxc3 Rxb7 23. Re2 Ne4 24. Rde1 Bc4 25. Re3 Bxa2 26. Ra1 Bd5 27.
g4 Nxc3 28. Rxc3 Bxd4 29. Rca3 Bxa1 30. Rxa1 Be4 0-1

[Event "Tom Weston Open Major"]
[Site "Cardiff"]
[Date "2016.03.28"]
[Round "6.5"]
[White "Rovaretti, David"]
[Black "Bridges, Paul"]
[Result "1/2-1/2"]
[WhiteElo "1611"]
[BlackElo "1821"]
[PlyCount "58"]
[EventDate "2016.03.25"]
[EventRounds "7"]
[EventCountry "WLS"]

1. d4 d5 2. Nc3 e6 3. e4 dxe4 4. Nxe4 Nf6 5. Bg5 Be7 6. Bxf6 Bxf6 7. c3 Bd7 8.
Nf3 Bc6 9. Bd3 Nd7 10. Qc2 Qe7 11. h3 h6 12. O-O-O O-O-O 13. Rhe1 g5 14. Nfd2
Bg7 15. f3 Rhe8 16. Nc4 b6 17. Bf1 Qf8 18. a4 a5 19. Qb3 f5 20. Nxa5 Ba8 21.
Ba6+ Kb8 22. Qb5 Ka7 23. Nc6+ Bxc6 24. Qxc6 Kxa6 25. Nd2 Qd6 26. Qb5+ Kb7 27.
Nc4 Qd5 28. Na5+ Ka7 29. Nc6+ Kb7 1/2-1/2

[Event "Tom Weston Open Major"]
[Site "Cardiff"]
[Date "2016.03.28"]
[Round "6.6"]
[White "Williams, Stephen"]
[Black "Thomas, Roy"]
[Result "0-1"]
[WhiteElo "1724"]
[BlackElo "1720"]
[PlyCount "82"]
[EventDate "2016.03.25"]
[EventRounds "7"]
[EventCountry "WLS"]

1. d4 f5 2. Nc3 d5 3. Nf3 Nc6 4. g3 e6 5. Bg2 Nf6 6. O-O Be7 7. Bg5 O-O 8. Rc1
Ne4 9. Bxe7 Qxe7 10. Nxe4 fxe4 11. Ne1 Qb4 12. c3 Qxb2 13. Qc2 Qxc2 14. Nxc2
Bd7 15. c4 Na5 16. Ne3 c6 17. f3 exf3 18. exf3 Rae8 19. f4 Re7 20. Rfd1 Rc8 21.
c5 b6 22. Ng4 b5 23. Ne5 Be8 24. Rb1 Nc4 25. Rb3 Nxe5 26. fxe5 a5 27. a3 Bg6
28. Rf1 Rf8 29. Rxf8+ Kxf8 30. Kf2 Rf7+ 31. Ke3 Ke7 32. Ke2 Bf5 33. Bf3 g5 34.
Bg2 h5 35. h3 a4 36. Rb2 Be4 37. Ke3 Bxg2 38. Rxg2 Rf1 39. h4 g4 40. Rf2 Rxf2
41. Kxf2 b4 0-1

[Event "Tom Weston Open Major"]
[Site "Cardiff"]
[Date "2016.03.28"]
[Round "6.7"]
[White "Evans, James"]
[Black "Christmas, Steve"]
[Result "1/2-1/2"]
[WhiteElo "1478"]
[BlackElo "1923"]
[PlyCount "95"]
[EventDate "2016.03.25"]
[EventRounds "7"]
[EventCountry "WLS"]

1. e4 c5 2. d4 cxd4 3. c3 d3 4. Bxd3 Nc6 5. Nf3 d6 6. O-O g6 7. Qb3 Qc7 8. Na3
a6 9. Be3 b5 10. Nc2 Bg7 11. Ncd4 Ne5 12. Nxe5 dxe5 13. Nf3 Be6 14. Qb4 Rb8 15.
Rfd1 Nf6 16. Qc5 Qxc5 17. Bxc5 Nd7 18. Bb4 h6 19. b3 f5 20. Nh4 Kf7 21. exf5
gxf5 22. Bxf5 Bf6 23. Bxe6+ Kxe6 24. Nf3 Nb6 25. Re1 Kf5 26. Rad1 Rhd8 27. Ba5
Rxd1 28. Rxd1 Rb7 29. Kf1 Rd7 30. Rxd7 Nxd7 31. Ke2 Nb8 32. Bb6 Nc6 33. Be3 h5
34. g3 b4 35. Kd2 e6 36. h3 a5 37. h4 Be7 38. c4 Bd8 39. Bc5 Bf6 40. Ke3 Bg7
41. Ne1 e4 42. Nc2 e5 43. a3 a4 44. Na1 axb3 45. Nxb3 bxa3 46. Bxa3 Nd4 47.
Nxd4+ exd4+ 48. Ke2 1/2-1/2

[Event "Tom Weston Open Major"]
[Site "Cardiff"]
[Date "2016.03.28"]
[Round "6.8"]
[White "Hurn, Robert AJ"]
[Black "Harle, Bill"]
[Result "0-1"]
[WhiteElo "1654"]
[BlackElo "1831"]
[PlyCount "130"]
[EventDate "2016.03.25"]
[EventRounds "7"]
[EventCountry "WLS"]

1. d4 d5 2. c4 e6 3. Nc3 Nf6 4. cxd5 exd5 5. Bg5 Be7 6. e3 c6 7. Qc2 Nbd7 8.
Bd3 h6 9. Bh4 O-O 10. Nge2 Re8 11. O-O Nf8 12. Kh1 Nh5 13. Bxe7 Qxe7 14. Rae1
Nf6 15. Ng3 Be6 16. f3 Qd8 17. Qd2 Kh8 18. Bb1 Re7 19. e4 dxe4 20. fxe4 Rd7 21.
Nce2 Bc4 22. Qf4 Ng6 23. Qf5 Be6 24. Qc5 Nf8 25. Qc3 Ne8 26. Nf5 Bxf5 27. Rxf5
Nd6 28. Rh5 Nb5 29. Qc2 Nxd4 30. Nxd4 Rxd4 31. e5 Rd2 32. Qc1 Qd5 33. Be4 Qd4
34. Rf5 Rd8 35. Rff1 Kg8 36. Bf3 Qxb2 37. Qc4 Qd4 38. Qb3 Qd7 39. h3 Ne6 40.
Bg4 Qd5 41. Qg3 a6 42. Bh5 Rd7 43. h4 Re7 44. Rf6 g6 45. Bf3 Qxa2 46. Rf1 Ng7
47. Qg4 h5 48. Qc8+ Kh7 49. Be4 Qc4 50. R6f4 Qe6 51. Qf8 Rdd7 52. Qa8 Qxe5 53.
Qa7 Ne6 54. Bxg6+ fxg6 55. Rf6 Qe4 56. Qf2 Ng7 57. Qg3 Qg4 58. Qf2 Nf5 59. Kg1
Re2 60. Qf3 Qxf3 61. gxf3 Nxh4 62. f4 Rg2+ 63. Kh1 Rdd2 64. Re1 Rh2+ 65. Kg1
Nf3+ 0-1

[Event "Tom Weston Open Major"]
[Site "Cardiff"]
[Date "2016.03.28"]
[Round "6.9"]
[White "McGregor, John"]
[Black "Hunt, Bill"]
[Result "1/2-1/2"]
[WhiteElo "1814"]
[BlackElo "1544"]
[PlyCount "56"]
[EventDate "2016.03.25"]
[EventRounds "7"]
[EventCountry "WLS"]

1. e4 c5 2. Nc3 g6 3. f4 Bg7 4. Nf3 Nc6 5. Bb5 Nd4 6. O-O a6 7. Bc4 e6 8. a4
Ne7 9. Nxd4 Bxd4+ 10. Kh1 d5 11. Be2 Bg7 12. d3 O-O 13. Bf3 Rb8 14. Qe1 b6 15.
Ne2 Bb7 16. Ng3 f5 17. c3 Qd7 18. Be3 e5 19. exf5 Nxf5 20. Nxf5 Qxf5 21. fxe5
Qxe5 22. Qd2 d4 23. cxd4 cxd4 24. Bh6 Bxf3 25. Bxg7 Bxg2+ 26. Qxg2 Qxg7 27.
Qd5+ Kh8 28. Rac1 Rfd8 1/2-1/2

[Event "Tom Weston Open Major"]
[Site "Cardiff"]
[Date "2016.03.28"]
[Round "6.10"]
[White "Wagner, Guy"]
[Black "Govindaraj, Neya"]
[Result "1-0"]
[WhiteElo "1780"]
[BlackElo "1229"]
[PlyCount "167"]
[EventDate "2016.03.25"]
[EventRounds "7"]
[EventCountry "WLS"]

1. f4 g6 2. Nf3 Bg7 3. Nc3 Nf6 4. e4 d6 5. d4 c5 6. dxc5 Qa5 7. Qd4 Qxc5 8.
Qxc5 dxc5 9. e5 Nfd7 10. Nd5 Kd8 11. Ng5 Rf8 12. e6 Nf6 13. Nxf6 exf6 14. Nxf7+
Ke7 15. Be3 b6 16. O-O-O Bxe6 17. Nd6 Rd8 18. f5 gxf5 19. Nxf5+ Bxf5 20. Rxd8
Kxd8 21. Bb5 a6 22. Rd1+ Ke7 23. Bc4 Nd7 24. Bf4 Ne5 25. Re1 Kd7 26. Be2 Ng6
27. Bf3 Rd8 28. Bd2 Ne5 29. Bb7 a5 30. h3 h5 31. Ba6 Kc7 32. Be2 Bg6 33. g4
hxg4 34. hxg4 Rh8 35. g5 fxg5 36. Bb5 Rd8 37. Bxg5 Rf8 38. Rd1 Bf6 39. Bf4 Kc8
40. Rd6 Kb7 41. Bxe5 Bxe5 42. Rxg6 Rd8 43. c3 Rd6 44. Rg8 Bf4+ 45. Kc2 Rd2+ 46.
Kb3 Rh2 47. Rg7+ Kb8 48. Ba6 Bc7 49. Bb5 Rh6 50. Bd3 Re6 51. Kc4 Kb7 52. Kb5
Re8 53. c4 Re6 54. Bf1 Kb8 55. Bg2 Kc8 56. Bh3 Kd8 57. Bxe6 Be5 58. b3 Bxg7 59.
Kxb6 Bc3 60. Kxc5 Bb4+ 61. Kb6 Ke7 62. Bh3 Kd6 63. Bg4 Ba3 64. Kxa5 Kc5 65. Bf3
Bb4+ 66. Ka6 Ba3 67. Be2 Bb4 68. Bf1 Bc3 69. a3 Kc6 70. b4 Bb2 71. a4 Kc7 72.
c5 Ba3 73. Kb5 Kb8 74. Kc4 Bb2 75. Bg2 Be5 76. b5 Kc8 77. a5 Bb8 78. b6 Kd7 79.
Kb5 Kc8 80. a6 Kd8 81. c6 Kc8 82. a7 Bxa7 83. bxa7 Kc7 84. a8=Q 1-0

[Event "Tom Weston Open Major"]
[Site "Cardiff"]
[Date "2016.03.28"]
[Round "6.11"]
[White "Fraser, Susanna"]
[Black "Parri, Deio"]
[Result "1-0"]
[WhiteElo "1439"]
[BlackElo "1681"]
[PlyCount "85"]
[EventDate "2016.03.25"]
[EventRounds "7"]
[EventCountry "WLS"]

1. d4 d5 2. Nc3 Nf6 3. Bg5 e6 4. e4 Be7 5. e5 Nfd7 6. h4 h6 7. Qh5 g6 8. Bxe7
Qxe7 9. Qg4 c5 10. Nb5 Nc6 11. Nc7+ Kf8 12. Nxa8 Nxd4 13. O-O-O Nxe5 14. Qf4 f6
15. Re1 Nec6 16. Nf3 Nxf3 17. Qxf3 e5 18. g4 Be6 19. g5 e4 20. gxf6 Qd8 21. Qg3
Qxf6 22. Nc7 Bf7 23. Nb5 a6 24. Qd6+ Qe7 25. Qxe7+ Kxe7 26. Nc3 b5 27. f3 Kd6
28. fxe4 d4 29. Nd1 Bxa2 30. b3 c4 31. bxc4 Bxc4 32. Bxc4 bxc4 33. Nf2 Ne5 34.
Rd1 Kc5 35. c3 d3 36. Kb2 Rb8+ 37. Kc1 Rb3 38. Kd2 Rb2+ 39. Ke1 Rc2 40. Ra1
Rxc3 41. Ra5+ Kd4 42. Rd5+ Ke3 43. Nd1+ 1-0

[Event "Tom Weston Open Major"]
[Site "Cardiff"]
[Date "2016.03.28"]
[Round "6.12"]
[White "Llewellyn, Alan M"]
[Black "Sivarajasingam, Shayanna"]
[Result "1/2-1/2"]
[WhiteElo "1514"]
[BlackElo "1524"]
[PlyCount "86"]
[EventDate "2016.03.25"]
[EventRounds "7"]
[EventCountry "WLS"]

1. c4 Nf6 2. Nc3 e6 3. e4 Nc6 4. g3 d5 5. Bg2 d4 6. e5 Nxe5 7. Ne4 Nd3+ 8. Kf1
Nxe4 9. Bxe4 Nc5 10. d3 Nxe4 11. dxe4 e5 12. Kg2 Bc5 13. Nf3 f6 14. b4 Be7 15.
h4 Be6 16. Qd3 Qd7 17. b5 Bb4 18. Nd2 Qf7 19. a4 Bxd2 20. Bxd2 Bxc4 21. Qc2 Bb3
22. Qc5 Qe7 23. Qxe7+ Kxe7 24. Rhc1 Kd7 25. Rc5 Rhc8 26. f4 Re8 27. Ra3 Bg8 28.
Ra1 Rac8 29. Rac1 c6 30. fxe5 fxe5 31. Bb4 Bb3 32. bxc6+ Rxc6 33. Rxc6 bxc6 34.
Rc5 a6 35. a5 Rb8 36. Ba3 Rb5 37. Kf2 Bf7 38. Rxb5 cxb5 39. g4 h6 40. Bf8 g6
41. Bxh6 Ke7 42. Bd2 Kf6 43. Kf3 Be8 1/2-1/2

[Event "Tom Weston Open Major"]
[Site "Cardiff"]
[Date "2016.03.28"]
[Round "5.13"]
[White "Buttell, David"]
[Black "Lutchman Singh, Karanvir"]
[Result "0-1"]
[WhiteElo "1813"]
[BlackElo "1735"]
[PlyCount "80"]
[EventDate "2016.03.25"]
[EventRounds "7"]
[EventCountry "WLS"]

1. d4 Nf6 2. c4 g6 3. Nc3 Bg7 4. e4 d6 5. f3 O-O 6. Be3 Nc6 7. Qd2 a6 8. Nge2
Rb8 9. g4 h5 10. h3 b5 11. cxb5 axb5 12. Bg2 e6 13. Rc1 Bd7 14. Ng3 b4 15. Nd1
b3 16. axb3 Rxb3 17. Rc3 Rxc3 18. bxc3 Na5 19. Qa2 Nc6 20. g5 Ne8 21. h4 Qb8
22. O-O Ne7 23. Nf2 c5 24. Rb1 Qc7 25. Qc4 Nc6 26. Ne2 cxd4 27. Nxd4 Nxd4 28.
Qxc7 Ne2+ 29. Kh1 Nxc7 30. Rb7 Rc8 31. Bb6 Na8 32. Ba5 Bc6 33. Rb3 d5 34. Bf1
Ng3+ 35. Kg2 Nxf1 36. Kxf1 Nc7 37. Kg2 Na6 38. Rb6 Nc5 39. Bb4 Na4 40. exd5
Nxb6 0-1

[Event "Tom Weston Open Major"]
[Site "Cardiff"]
[Date "2016.03.28"]
[Round "6.14"]
[White "Prob, Malcolm"]
[Black "Lutchman Singh, Aishwarya"]
[Result "1-0"]
[WhiteElo "1641"]
[BlackElo "1440"]
[PlyCount "83"]
[EventDate "2016.03.25"]
[EventRounds "7"]
[EventCountry "WLS"]

1. Nf3 Nf6 2. c4 d6 3. Nc3 Nbd7 4. g3 e5 5. e4 Be7 6. d4 O-O 7. Bg2 c6 8. O-O
Rb8 9. h3 a6 10. a4 Qa5 11. Bd2 Qb6 12. a5 Qc7 13. b4 b5 14. cxb5 cxb5 15. Rc1
Qd8 16. g4 Ra8 17. g5 Ne8 18. Nd5 Bb7 19. Nxe7+ Qxe7 20. d5 f5 21. Nh4 f4 22.
Nf3 Rc8 23. Rxc8 Bxc8 24. h4 Nb8 25. Nh2 Qf7 26. Qf3 Nc7 27. Rc1 Na8 28. Ng4
Kh8 29. Bh3 Qh5 30. Kg2 Qxh4 31. g6 h6 32. Rg1 Qg5 33. Kh2 Qh4 34. Kg2 Bd7 35.
Kf1 h5 36. Rh1 Qg5 37. Ke1 hxg4 38. Bxg4+ Kg8 39. Qh3 Qh6 40. Be6+ Kh8 41. Qg2
Qxh1+ 42. Qxh1# 1-0

[Event "Tom Weston Open Major"]
[Site "Cardiff"]
[Date "2016.03.28"]
[Round "6.15"]
[White "Fowler, Hugo"]
[Black "Herkes, Steve"]
[Result "0-1"]
[WhiteElo "1558"]
[BlackElo "1521"]
[PlyCount "104"]
[EventDate "2016.03.25"]
[EventRounds "7"]
[EventCountry "WLS"]

1. e4 c5 2. Nf3 d6 3. d4 cxd4 4. Nxd4 a6 5. Nc3 Nf6 6. Be2 g6 7. a4 e5 8. Nb3
Nc6 9. Bg5 Be7 10. Bxf6 Bxf6 11. Nd5 Bg7 12. O-O O-O 13. Qd2 Be6 14. Rad1 Nd4
15. Nxd4 exd4 16. Bc4 Rc8 17. Bb3 Rc5 18. f4 f5 19. Qe2 Kh8 20. Rd3 fxe4 21.
Qxe4 Bf5 22. Qf3 Bxd3 23. Qxd3 Qe8 24. Rf3 Rf5 25. Nb4 Qe1+ 26. Qf1 Qxb4 27.
Rh3 Qd2 28. g3 Rc7 29. Be6 Qe3+ 30. Kh1 Qxe6 31. g4 Rf8 32. Qd3 Re7 33. Rg3
Qe4+ 34. Qf3 Qxf3+ 35. Rxf3 Re1+ 36. Kg2 Re2+ 37. Rf2 Rxf2+ 38. Kxf2 Rxf4+ 39.
Kg3 Re4 40. Kf3 Re1 41. b4 Rc1 42. b5 axb5 43. axb5 Rxc2 44. h4 Rc5 45. h5 gxh5
46. gxh5 Re5 47. h6 d3 48. b6 d2 49. hxg7+ Kxg7 50. Kf2 d1=Q 51. Kg3 Qd3+ 52.
Kg4 Qd4+ 0-1

[Event "Tom Weston Open Major"]
[Site "Cardiff"]
[Date "2016.03.28"]
[Round "6.16"]
[White "O'Rourke, Kevin"]
[Black "Fox, Chris"]
[Result "0-1"]
[WhiteElo "1393"]
[BlackElo "1727"]
[PlyCount "72"]
[EventDate "2016.03.25"]
[EventRounds "7"]
[EventCountry "WLS"]

1. e4 e6 2. d4 d5 3. e5 c5 4. Nf3 Nc6 5. c3 Bd7 6. Bb5 Nxe5 7. Bxd7+ Nxd7 8.
Bg5 Qb6 9. O-O Ngf6 10. dxc5 Bxc5 11. b4 Be7 12. Be3 Qc7 13. Bg5 O-O 14. g3 Nb6
15. Bf4 Bd6 16. Bxd6 Qxd6 17. Na3 Rfd8 18. Qd3 Rac8 19. Nb5 Qb8 20. a4 a6 21.
a5 Nc4 22. Na3 Qc7 23. b5 Qc5 24. Nxc4 dxc4 25. Qe3 Qxe3 26. fxe3 axb5 27. Rab1
Rc5 28. Nd4 Rdd5 29. Rb4 Ne4 30. Rc1 g6 31. Kg2 e5 32. Nf3 Rd3 33. Kh3 Rxe3 34.
Re1 Rxe1 35. Nxe1 Nxc3 36. Nf3 e4 0-1

[Event "Tom Weston Open Major"]
[Site "Cardiff"]
[Date "2016.03.28"]
[Round "7.1"]
[White "Ivekovic, Tihana"]
[Black "Turner, Matthew J"]
[Result "0-1"]
[WhiteElo "2115"]
[BlackElo "2502"]
[PlyCount "84"]
[EventDate "2016.03.25"]
[EventRounds "7"]
[EventCountry "WLS"]

1. d4 Nf6 2. c4 e6 3. Nf3 b6 4. g3 Ba6 5. b3 Bb4+ 6. Bd2 Be7 7. Bg2 c6 8. O-O
d5 9. cxd5 cxd5 10. Bc3 Nc6 11. Bb2 Rc8 12. Nc3 O-O 13. Rc1 Bd6 14. Re1 Qe7 15.
a4 Bb4 16. Rf1 Bxc3 17. Bxc3 Ne4 18. Bb2 Qb4 19. Ra1 Nc3 20. Bxc3 Qxc3 21. Rc1
Qb4 22. Re1 Na5 23. Qd2 Qxb3 24. e4 dxe4 25. Rxe4 Bb7 26. Re3 Qxa4 27. Rec3
Rxc3 28. Qxc3 Nb3 29. Rd1 Rc8 30. Qe3 Na5 31. Re1 Qb4 32. Ng5 Bxg2 33. Kxg2 Qe7
34. h4 h6 35. Ne4 Nc4 36. Qf4 Qc7 37. Qg4 Qd8 38. Nc3 Nd6 39. Ne2 Nf5 40. Kh2
Qd5 41. Rd1 Rc2 42. Kg1 h5 0-1

[Event "Tom Weston Open Major"]
[Site "Cardiff"]
[Date "2016.03.28"]
[Round "7.2"]
[White "Sivarajasingam, Venetia"]
[Black "Summers, Charles"]
[Result "0-1"]
[WhiteElo "1587"]
[BlackElo "1922"]
[PlyCount "102"]
[EventDate "2016.03.25"]
[EventRounds "7"]
[EventCountry "WLS"]

1. e4 c6 2. d4 d6 3. Nc3 Qc7 4. Nf3 Bg4 5. h3 Bh5 6. d5 Nd7 7. Be2 Ngf6 8. Be3
h6 9. Qd2 g5 10. h4 g4 11. Nd4 Bg6 12. Bd3 a6 13. Nde2 c5 14. Ng3 b5 15. h5 Bh7
16. a3 c4 17. Be2 Nc5 18. Bxh6 Bxe4 19. Bxf8 Rxf8 20. Ngxe4 Ncxe4 21. Nxe4 Nxe4
22. Qd4 f5 23. h6 Qc5 24. Qxc5 Nxc5 25. f3 gxf3 26. gxf3 Rh8 27. Kf2 Kf7 28.
Rh4 Rh7 29. Rah1 Rah8 30. Ke3 Kf6 31. R4h3 Ke5 32. Rh5 Rf8 33. Rd1 Nd7 34. Rd4
Rfh8 35. Re4+ Kxd5 36. Rxf5+ Kc6 37. f4 Nf6 38. Rd4 Rxh6 39. Bf3+ Kc7 40. Rg5
R8h7 41. a4 Kb6 42. a5+ Kc7 43. b3 cxb3 44. cxb3 Rh2 45. Rd1 Rc2 46. Kd3 Rc5
47. Rxc5+ dxc5 48. Rc1 Kd6 49. Bb7 Nd5 50. Ke4 e6 51. Rd1 Rxb7 0-1

[Event "Tom Weston Open Major"]
[Site "Cardiff"]
[Date "2016.03.28"]
[Round "7.3"]
[White "Gibbs, Dominic V"]
[Black "Camp, Imogen A L"]
[Result "1-0"]
[WhiteElo "1914"]
[BlackElo "1691"]
[PlyCount "147"]
[EventDate "2016.03.25"]
[EventRounds "7"]
[EventCountry "WLS"]

1. e4 e5 2. Nf3 Nc6 3. Bb5 a6 4. Ba4 d6 5. Bxc6+ bxc6 6. d4 exd4 7. Qxd4 Bb7 8.
O-O c5 9. Qd3 Be7 10. Nc3 Nf6 11. b3 O-O 12. Bb2 Nd7 13. Nd5 Re8 14. Nd2 Bf8
15. Nc4 c6 16. Nc3 Ne5 17. Nxe5 Rxe5 18. Rad1 Rh5 19. Qf3 Rh6 20. h3 Bc8 21.
Rd3 Qh4 22. Qg3 Qh5 23. Kh2 a5 24. Re1 Be7 25. Nd5 Bg5 26. Ne7+ Kf8 27. Nxc8
Rxc8 28. Rxd6 Rxd6 29. Qxd6+ Be7 30. Bxg7+ Ke8 31. Qh6 Qg6 32. Qxg6 hxg6 33. c4
a4 34. bxa4 Ra8 35. Re2 Rxa4 36. Rc2 Kd7 37. Be5 Ke6 38. Bf4 g5 39. Be3 Ke5 40.
f3 Ra3 41. Bc1 Ra4 42. Bb2+ Kf4 43. Bc1+ Ke5 44. Be3 Ra3 45. Bf2 Kf4 46. Kg1 f5
47. exf5 Kxf5 48. Kf1 Ra5 49. Ke2 Bf6 50. Be3 Bd4 51. Bd2 Ra3 52. Bc1 Ra7 53.
Kd3 Re7 54. Re2 Rd7 55. Kc2 Ra7 56. a3 Be5 57. g4+ Kf6 58. Bxg5+ Kxg5 59. Rxe5+
Kf4 60. Rf5+ Kg3 61. Kb2 Kxh3 62. Rxc5 Kg3 63. Rf5 Rb7+ 64. Kc3 Ra7 65. Kb4 c5+
66. Kxc5 Rxa3 67. Kc6 Ra6+ 68. Kb7 Rh6 69. c5 Rh7+ 70. Kb6 Rh1 71. c6 Rb1+ 72.
Kc7 Rc1 73. Kd7 Rd1+ 74. Kc8 1-0

[Event "Tom Weston Open Major"]
[Site "Cardiff"]
[Date "2016.03.28"]
[Round "7.4"]
[White "Thomas, Roy"]
[Black "Jukes, Sam"]
[Result "1/2-1/2"]
[WhiteElo "1720"]
[BlackElo "1659"]
[PlyCount "129"]
[EventDate "2016.03.25"]
[EventRounds "7"]
[EventCountry "WLS"]

1. f4 d5 2. e3 g6 3. Nf3 Bg7 4. Be2 Nf6 5. O-O O-O 6. d3 Bg4 7. Qe1 c5 8. Nc3
Nc6 9. e4 dxe4 10. dxe4 Nd4 11. Bd1 Bxf3 12. gxf3 Nh5 13. Ne2 Qc7 14. Qh4 Rfd8
15. Ng3 Nxg3 16. hxg3 Qb6 17. c3 Nb5 18. Kg2 c4 19. Bc2 Qf6 20. Qxf6 Bxf6 21.
e5 Bg7 22. Be3 Nc7 23. Be4 Nd5 24. Bd4 f6 25. Rad1 fxe5 26. fxe5 Bxe5 27. Bxd5+
Rxd5 28. Bxe5 Rxe5 29. Rd7 b5 30. Kf2 Kf7 31. Rfd1 Re6 32. R1d4 a6 33. a4 Rb8
34. a5 Rc8 35. Ra7 Rcc6 36. Rdd7 Rcd6 37. Rxd6 Rxd6 38. Ke2 Re6+ 39. Kd2 h5 40.
Rb7 g5 41. Rb8 Kg7 42. Rb6 Kf6 43. Rb8 h4 44. Rh8 hxg3 45. Rh3 g2 46. Rg3 Kf5
47. Rxg2 Kf4 48. Rg4+ Kxf3 49. Rxg5 Rd6+ 50. Ke1 Kf4 51. Rg7 e6 52. Ke2 Ke4 53.
Rg4+ Kd5 54. Ke3 e5 55. Rg8 Re6 56. Rd8+ Rd6 57. Re8 e4 58. Rxe4 Re6 59. Rxe6
Kxe6 60. Ke4 Kd6 61. Kd4 Kc6 62. Ke5 Kc5 63. Ke4 b4 64. cxb4+ Kb5 65. Kd5
1/2-1/2

[Event "Tom Weston Open Major"]
[Site "Cardiff"]
[Date "2016.03.28"]
[Round "7.5"]
[White "Wagner, Guy"]
[Black "Pearson, Raymond"]
[Result "1-0"]
[WhiteElo "1780"]
[BlackElo "1952"]
[PlyCount "75"]
[EventDate "2016.03.25"]
[EventRounds "7"]
[EventCountry "WLS"]

1. f4 Nf6 2. Nf3 g6 3. Nc3 d5 4. e3 Bg7 5. Be2 O-O 6. O-O c5 7. d3 Nc6 8. Ne5
Be6 9. Bf3 Nxe5 10. fxe5 Ne8 11. d4 Rc8 12. Ne2 g5 13. Ng3 f6 14. Bg4 Bxg4 15.
Qxg4 cxd4 16. exd4 Rxc2 17. Bxg5 fxg5 18. Rxf8+ Bxf8 19. Qe6+ Kh8 20. Qf5 Rxg2+
21. Kxg2 Ng7 22. Qxg5 Ne6 23. Qg4 Qb6 24. Rf1 Bh6 25. Nf5 Bf8 26. Rf2 Qc6 27.
Nd6 exd6 28. Qxe6 Bg7 29. Qxd6 Qe8 30. h3 Qg8 31. Kh2 b6 32. Rg2 Qf7 33. Qd8+
Bf8 34. Qf6+ Qxf6 35. exf6 Bd6+ 36. Kg1 h5 37. f7 Kh7 38. Rg8 1-0

[Event "Tom Weston Open Major"]
[Site "Cardiff"]
[Date "2016.03.28"]
[Round "7.6"]
[White "Harle, Bill"]
[Black "Rovaretti, David"]
[Result "1/2-1/2"]
[WhiteElo "1831"]
[BlackElo "1611"]
[PlyCount "36"]
[EventDate "2016.03.25"]
[EventRounds "7"]
[EventCountry "WLS"]

1. d4 b6 2. Nf3 Bb7 3. b3 e6 4. Bb2 Nf6 5. Nbd2 c5 6. e3 Nc6 7. Be2 Bd6 8. O-O
Qc7 9. Nc4 cxd4 10. exd4 Bf4 11. g3 Bd6 12. Nxd6+ Qxd6 13. c4 O-O 14. Ne1 Qc7
15. Bf3 d5 16. Rc1 Nd7 17. Bg2 Rfe8 18. Nf3 Rad8 1/2-1/2

[Event "Tom Weston Open Major"]
[Site "Cardiff"]
[Date "2016.03.28"]
[Round "7.7"]
[White "Bridges, Paul"]
[Black "Fraser, Susanna"]
[Result "1-0"]
[WhiteElo "1821"]
[BlackElo "1439"]
[PlyCount "147"]
[EventDate "2016.03.25"]
[EventRounds "7"]
[EventCountry "WLS"]

1. e4 e5 2. Bc4 Nf6 3. d3 Be7 4. f4 d6 5. Nf3 Nc6 6. O-O Bg4 7. h3 Be6 8. Bxe6
fxe6 9. fxe5 Nd7 10. exd6 cxd6 11. c3 Qb6+ 12. Kh1 O-O-O 13. Qe2 Nf6 14. Be3
Qa6 15. Qc2 d5 16. Nbd2 dxe4 17. dxe4 e5 18. b4 Qd3 19. Qxd3 Rxd3 20. Bg1 Rxc3
21. b5 Nb8 22. Bxa7 Nbd7 23. Rfc1 Rxc1+ 24. Rxc1+ Kd8 25. Ng5 Rg8 26. Ne6+ Ke8
27. Rc8+ Kf7 28. Ng5+ Kg6 29. Rxg8 Nxg8 30. Ngf3 Nh6 31. Kg1 b6 32. Kf2 Kf6 33.
Ke2 Nf7 34. Nc4 Bc5 35. a4 Nd6 36. Nxd6 Bxd6 37. Nd2 Nc5 38. Bxb6 Nxa4 39. Bd8+
Ke6 40. Kd3 Nc5+ 41. Kc4 Nb7 42. Bh4 Na5+ 43. Kc3 Kd7 44. Nc4 Nb7 45. Bf2 Bc5
46. Nxe5+ Kd6 47. Nc4+ Kc7 48. Bd4 g6 49. Bxc5 Nxc5 50. Kd4 Ne6+ 51. Ke5 Ng5
52. Kd5 h5 53. b6+ Kb7 54. e5 Nh7 55. Ke6 Ng5+ 56. Kf6 Ne4+ 57. Kxg6 Nc5 58.
Kxh5 Nd7 59. g4 Nxb6 60. Nxb6 Kxb6 61. Kg6 Kc7 62. Kf7 Kd8 63. e6 Kc7 64. e7
Kb6 65. e8=Q Kc5 66. Qe6 Kb5 67. Qc8 Kb6 68. Ke6 Kb5 69. Kd5 Kb4 70. Qc4+ Ka5
71. Qb3 Ka6 72. Kc6 Ka7 73. Kc7 Ka8 74. Qb7# 1-0

[Event "Tom Weston Open Major"]
[Site "Cardiff"]
[Date "2016.03.28"]
[Round "7.8"]
[White "Lutchman Singh, Karanvir"]
[Black "McGregor, John"]
[Result "0-1"]
[WhiteElo "1735"]
[BlackElo "1814"]
[PlyCount "104"]
[EventDate "2016.03.25"]
[EventRounds "7"]
[EventCountry "WLS"]

1. e4 d5 2. exd5 Nf6 3. Nf3 Qxd5 4. Be2 e5 5. O-O Bd6 6. Nc3 Qa5 7. d4 O-O 8.
dxe5 Bxe5 9. Nxe5 Qxe5 10. Re1 c6 11. Bg4 Qc7 12. Bxc8 Rxc8 13. Qf3 Nbd7 14.
Bf4 Qa5 15. Re7 Qb4 16. Re2 Re8 17. h3 Rxe2 18. Qxe2 Qxf4 19. Rd1 Re8 20. Qd3
h6 21. g3 Qe5 22. Kh2 Nb6 23. Rd2 Nbd5 24. Re2 Qb8 25. Nxd5 Nxd5 26. Rxe8+ Qxe8
27. c4 Nf6 28. Qd4 b6 29. Qd6 c5 30. Qd2 Kh7 31. a3 Qe4 32. b3 Qf3 33. Qc2+ Ne4
34. Kg1 g6 35. b4 Nxg3 36. fxg3 Qxg3+ 37. Kf1 Qxh3+ 38. Kg1 Qxa3 39. Qf2 Qc1+
40. Kg2 Qxc4 41. bxc5 bxc5 42. Kh2 Kg7 43. Qb2+ Qd4 44. Qb8 c4 45. Qc7 c3 46.
Qc6 Qd2+ 47. Kh3 c2 48. Qc7 Qe3+ 49. Kh4 c1=Q 50. Kg4 h5+ 51. Kh4 Qh1+ 52. Qh2
Qxh2# 0-1